天皇陵の所在地 - Statistics

General Stats
  • This quiz has been taken 118 times
  • The average score is 77 of 127
Answer Stats
天皇陵 所在地 % Correct
9 開化天皇陵 奈良県奈良市
92%
11 垂仁天皇陵 奈良県奈良市
92%
13 成務天皇陵 奈良県奈良市
92%
20 安康天皇陵 奈良県奈良市
92%
43 元明天皇陵 奈良県奈良市
92%
44 元正天皇陵 奈良県奈良市
92%
45 聖武天皇陵 奈良県奈良市
92%
4648 孝謙・称徳天皇陵 奈良県奈良市
92%
49 光仁天皇陵 奈良県奈良市
92%
51 平城天皇陵 奈良県奈良市
92%
1 神武天皇陵 奈良県橿原市
78%
2 綏靖天皇陵 奈良県橿原市
78%
3 安寧天皇陵 奈良県橿原市
78%
4 懿徳天皇陵 奈良県橿原市
78%
8 孝元天皇陵 奈良県橿原市
78%
28 宣化天皇陵 奈良県橿原市
78%
10 崇神天皇陵 奈良県天理市
71%
12 景行天皇陵 奈良県天理市
71%
57 陽成天皇陵 京都府京都市左京区
70%
63 冷泉天皇陵 京都府京都市左京区
70%
68 後一条天皇陵 京都府京都市左京区
70%
82 後鳥羽天皇陵 京都府京都市左京区
70%
83 順徳天皇陵 京都府京都市左京区
70%
94 後二条天皇陵 京都府京都市左京区
70%
52 嵯峨天皇陵 京都府京都市右京区
69%
55 文徳天皇陵 京都府京都市右京区
69%
56 清和天皇陵 京都府京都市右京区
69%
58 光孝天皇陵 京都府京都市右京区
69%
59 宇多天皇陵 京都府京都市右京区
69%
62 村上天皇陵 京都府京都市右京区
69%
64 円融天皇陵 京都府京都市右京区
69%
66 一条天皇陵 京都府京都市右京区
69%
69 後朱雀天皇陵 京都府京都市右京区
69%
70 後冷泉天皇陵 京都府京都市右京区
69%
71 後三条天皇陵 京都府京都市右京区
69%
73 堀河天皇陵 京都府京都市右京区
69%
88 後嵯峨天皇陵 京都府京都市右京区
69%
90 亀山天皇陵 京都府京都市右京区
69%
91 後宇多天皇陵 京都府京都市右京区
69%
98 長慶天皇陵 京都府京都市右京区
69%
99 後亀山天皇陵 京都府京都市右京区
69%
50 桓武天皇陵 京都府京都市伏見区
67%
54 仁明天皇陵 京都府京都市伏見区
67%
60 醍醐天皇陵 京都府京都市伏見区
67%
61 朱雀天皇陵 京都府京都市伏見区
67%
72 白河天皇陵 京都府京都市伏見区
67%
74 鳥羽天皇陵 京都府京都市伏見区
67%
76 近衛天皇陵 京都府京都市伏見区
67%
85 仲恭天皇陵 京都府京都市伏見区
67%
89 後深草天皇陵 京都府京都市伏見区
67%
92 伏見天皇陵 京都府京都市伏見区
67%
93 後伏見天皇陵 京都府京都市伏見区
67%
北朝2 光明天皇陵 京都府京都市伏見区
67%
北朝3 崇光天皇陵 京都府京都市伏見区
67%
北朝4 後光厳天皇陵 京都府京都市伏見区
67%
北朝5 後円融天皇陵 京都府京都市伏見区
67%
100 後小松天皇陵 京都府京都市伏見区
67%
101 称光天皇陵 京都府京都市伏見区
67%
103 後土御門天皇陵 京都府京都市伏見区
67%
104 後柏原天皇陵 京都府京都市伏見区
67%
105 後奈良天皇陵 京都府京都市伏見区
67%
106 王親町天皇陵 京都府京都市伏見区
67%
107 後陽成天皇陵 京都府京都市伏見区
67%
122 明治天皇陵 京都府京都市伏見区
67%
16 仁徳天皇陵 大阪府堺市堺区
66%
18 反正天皇陵 大阪府堺市堺区
66%
29 欽明天皇陵 奈良県高市郡明日香村
62%
40 天武天皇陵 奈良県高市郡明日香村
62%
41 持統天皇陵 奈良県高市郡明日香村
62%
42 文武天皇陵 奈良県高市郡明日香村
62%
32 崇峻天皇陵 奈良県桜井市
61%
34 舒明天皇陵 奈良県桜井市
61%
123 大正天皇陵 東京都八王子市
61%
124 昭和天皇陵 東京都八王子市
61%
39 弘文天皇陵 滋賀県大津市
60%
38 天智天皇陵 京都府京都市山科区
56%
77 後白河天皇陵 京都府京都市東山区
56%
79 六条天皇陵 京都府京都市東山区
56%
80 高倉天皇陵 京都府京都市東山区
56%
86 後堀河天皇陵 京都府京都市東山区
56%
87 四条天皇陵 京都府京都市東山区
56%
95 花園天皇陵 京都府京都市東山区
56%
108 後水尾天皇陵 京都府京都市東山区
56%
109 明正天皇陵 京都府京都市東山区
56%
110 後光明天皇陵 京都府京都市東山区
56%
111 後西天皇陵 京都府京都市東山区
56%
112 霊元天皇陵 京都府京都市東山区
56%
113 東山天皇陵 京都府京都市東山区
56%
114 中御門天皇陵 京都府京都市東山区
56%
115 桜町天皇陵 京都府京都市東山区
56%
116 桃園天皇陵 京都府京都市東山区
56%
117 後桜町天皇陵 京都府京都市東山区
56%
118 後桃園天皇陵 京都府京都市東山区
56%
119 光格天皇陵 京都府京都市東山区
56%
120 仁孝天皇陵 京都府京都市東山区
56%
121 孝明天皇陵 京都府京都市東山区
56%
15 応神天皇陵 大阪府羽曳野市
54%
21 雄略天皇陵 大阪府羽曳野市
54%
22 清寧天皇陵 大阪府羽曳野市
54%
27 安閑天皇陵 大阪府羽曳野市
54%
17 履中天皇陵 大阪府堺市西区
49%
84 土御門天皇陵 京都府長岡京市
49%
96 後醍醐天皇陵 奈良県吉野郡吉野町
48%
53 淳和天皇陵 京都府京都市西京区
47%
5 孝昭天皇陵 奈良県御所市
46%
6 考安天皇陵 奈良県御所市
46%
14 仲哀天皇陵 大阪府藤井寺市
46%
19 允恭天皇陵 大阪府藤井寺市
46%
24 仁賢天皇陵 大阪府藤井寺市
46%
65 花山天皇陵 京都府京都市北区
46%
67 三条天皇陵 京都府京都市北区
46%
78 二条天皇陵 京都府京都市北区
46%
北朝1 光厳天皇陵 京都府京都市北区
46%
102 後花園天皇陵 京都府京都市北区
46%
7 孝霊天皇陵 奈良県北葛城郡王寺町
34%
97 後村上天皇陵 大阪府河内長野市
34%
23 顕宗天皇陵 奈良県香芝市
31%
25 武烈天皇陵 奈良県香芝市
31%
81 安徳天皇陵 山口県下関市
30%
30 敏達天皇陵 大阪府南河内郡太子町
25%
31 用明天皇陵 大阪府南河内郡太子町
25%
33 推古天皇陵 大阪府南河内郡太子町
25%
36 孝徳天皇陵 大阪府南河内郡太子町
25%
3537 皇極・斉明天皇陵 奈良県高市郡高取町
25%
26 継体天皇陵 大阪府茨木市
17%
47 淳仁天皇陵 兵庫県南あわじ市
16%
75 崇徳天皇陵 香川県坂出市
8%
No matching quizzes found
Score Distribution
Percent of People with Each Score
Percentile by Number Answered
Your Score History
You have not taken this quiz